6-Letter European Countries Quiz Stats

 Plays Quiz Updated Sep 19, 2017

Score 0/12 Timer 02:00
1 Play Today
% Correct
France
90.2%
Sweden
86.5%
Norway
84.9%
Greece
84.4%
Poland
77.8%
Russia
74.2%
Latvia
74.1%
Turkey
70.4%
Serbia
63.9%
Cyprus
61.2%
Monaco
60.2%
Kosovo
54.2%

You're not logged in!

Compare scores with friends on all Sporcle quizzes.
OR
Log In

You Might Also Like...

Show Comments

Extras

Top Quizzes Today


Score Distribution

Your Account Isn't Verified!

In order to create a playlist on Sporcle, you need to verify the email address you used during registration. Go to your Sporcle Settings to finish the process.

Report this User

Report this user for behavior that violates our Community Guidelines.

Details: